Polskie miasta sąsiadujące ze sobą bezpośrednio - Statystyki

Ogólne statystyki
  • Ten quiz został rozwiązany 79 razy
  • Średni wynik to 69 z 175
Statystyki odpowiedzi
Grupa Miasto % Poprawnych
Śląskie i małopolskie Katowice
87%
Małopolskie #1 Kraków
82%
Mazowieckie #1 Warszawa
81%
Pomorskie #1 Gdynia
78%
Śląskie i małopolskie Gliwice
78%
Pomorskie #1 Sopot
78%
Pomorskie #1 Gdańsk
76%
Śląskie i małopolskie Dąbrowa Górnicza
75%
Łódzkie Łódź
75%
Śląskie i małopolskie Tychy
74%
Śląskie i małopolskie Zabrze
74%
Śląskie i małopolskie Sosnowiec
72%
Zachodniopomorskie #1 Szczecin
72%
Śląskie i małopolskie Bytom
71%
Wielkopolskie #1 Poznań
71%
Śląskie i małopolskie Ruda Śląska
69%
Śląskie i małopolskie Jaworzno
68%
Śląskie i małopolskie Rybnik
68%
Małopolskie #1 Wieliczka
68%
Łódzkie Zgierz
68%
Lubelskie #1 Lublin
65%
Mazowieckie #1 Pruszków
65%
Śląskie i małopolskie Świętochłowice
65%
Śląskie i małopolskie Chorzów
63%
Śląskie i małopolskie Mysłowice
63%
Mazowieckie #1 Otwock
63%
Łódzkie Pabianice
63%
Śląskie i małopolskie Będzin
62%
Śląskie i małopolskie Tarnowskie Góry
62%
Śląskie i małopolskie Żory
62%
Śląskie #1 Bielsko-Biała
60%
Mazowieckie #1 Ząbki
60%
Mazowieckie #1 Marki
59%
Śląskie i małopolskie Piekary Śląskie
59%
Śląskie i małopolskie Siemianowice Śląskie
59%
Pomorskie #1 Wejherowo
59%
Śląskie i małopolskie Jastrzębie-Zdrój
57%
Pomorskie #1 Rumia
57%
Podkarpackie i świętokrzyskie Sandomierz
57%
Lubelskie #1 Świdnik
57%
Podkarpackie i świętokrzyskie Tarnobrzeg
57%
Mazowieckie #1 Wołomin
57%
Zachodniopomorskie #1 Police
56%
Pomorskie #1 Reda
56%
Podkarpackie #1 Rzeszów
56%
Łódzkie Aleksandrów Łódzki
54%
Dolnośląskie #1 Wałbrzych
54%
Dolnośląskie #2 Jelenia Góra
53%
Małopolskie #1 Skawina
53%
Śląskie i małopolskie Czeladź
51%
Śląskie i małopolskie Knurów
51%
Wielkopolskie #1 Luboń
51%
Śląskie i małopolskie Mikołów
51%
Pomorskie #1 Pruszcz Gdański
51%
Śląskie i małopolskie Wodzisław Śląski
50%
Podlaskie Białystok
49%
Śląskie #2 Częstochowa
49%
Śląskie i małopolskie Chrzanów
47%
Łódzkie Konstantynów Łódzki
47%
Wielkopolskie #1 Swarzędz
47%
Śląskie #1 Ustroń
47%
Śląskie i małopolskie Zawiercie
47%
Zachodniopomorskie #2 Koszalin
46%
Śląskie i małopolskie Bieruń
44%
Śląskie #1 Czechowice-Dziedzice
44%
Mazowieckie #1 Grodzisk Mazowiecki
44%
Małopolskie #1 Niepołomice
44%
Mazowieckie #1 Zielonka
44%
Mazowieckie #1 Józefów
43%
Małopolskie #2 Nowy Sącz
43%
Świętokrzyskie #2 Starachowice
43%
Śląskie #1 Wisła
43%
Mazowieckie #1 Piastów
41%
Mazowieckie #1 Łomianki
40%
Małopolskie #2 Stary Sącz
40%
Podkarpackie #3 Stalowa Wola
38%
Podkarpackie #3 Nisko
37%
Lubuskie #1 Nowa Sól
37%
Śląskie #1 Szczyrk
37%
Dolnośląskie #2 Szklarska Poręba
37%
Podkarpackie #1 Boguchwała
35%
Śląskie i małopolskie Czerwionka-Leszczyny
35%
Dolnośląskie #5 Dzierżoniów
35%
Śląskie i małopolskie Imielin
35%
Dolnośląskie #3 Karpacz
35%
Mazowieckie #1 Konstancin-Jeziorna
35%
Śląskie i małopolskie Łaziska Górne
35%
Śląskie i małopolskie Lędziny
35%
Mazowieckie #1 Milanówek
35%
Śląskie #2 Olsztyn
35%
Śląskie i małopolskie Pyskowice
35%
Śląskie i małopolskie Radlin
35%
Podkarpackie #2 Sanok
35%
Opolskie #1 Kędzierzyn-Koźle
34%
Zachodniopomorskie #2 Mielno
34%
Wielkopolskie #3 Piła
34%
Świętokrzyskie #1 Skarżysko-Kamienna
34%
Dolnośląskie #5 Bielawa
32%
Mazowieckie #2 Nowy Dwór Mazowiecki
32%
Śląskie i małopolskie Rydułtowy
32%
Mazowieckie #1 Sulejówek
32%
Podlaskie Wasilków
32%
Mazowieckie #1 Kobyłka
31%
Opolskie #4 Krapkowice
31%
Śląskie i małopolskie Miasteczko Śląskie
31%
Śląskie i małopolskie Radzionków
31%
Pomorskie #2 Słupsk
31%
Śląskie i małopolskie Trzebinia
31%
Śląskie i małopolskie Orzesze
29%
Mazowieckie #1 Podkowa Leśna
29%
Śląskie i małopolskie Wojkowice
29%
Dolnośląskie #1 Boguszów-Gorce
28%
Mazowieckie #1 Brwinów
28%
Dolnośląskie #3 Kowary
28%
Śląskie i małopolskie Libiąż
28%
Podkarpackie #4 Ropczyce
28%
Podkarpackie #4 Sędziszów Małopolski
28%
Śląskie i małopolskie Sławków
28%
Podkarpackie #2 Lesko
26%
Śląskie i małopolskie Myszków
26%
Wielkopolskie #2 Puszczykowo
26%
Lubelskie #2 Ryki
26%
Podkarpackie #1 Tyczyn
26%
Podkarpackie #2 Zagórz
26%
Lubelskie #2 Dęblin
25%
Śląskie i małopolskie Poręba
25%
Śląskie i małopolskie Pszów
25%
Zachodniopomorskie #2 Sianów
25%
Śląskie i małopolskie Siewierz
25%
Dolnośląskie #1 Świebodzice
25%
Dolnośląskie #1 Szczawno-Zdrój
25%
Dolnośląskie #1 Jedlina-Zdrój
24%
Mazowieckie #1 Karczew
24%
Wielkopolskie #2 Mosina
24%
Dolnośląskie #5 Pieszyce
24%
Lubelskie #3 Kraśnik
22%
Świętokrzyskie #2 Wąchock
22%
Dolnośląskie #4 Duszniki-Zdrój
21%
Opolskie #4 Gogolin
21%
Śląskie i małopolskie Ogrodzieniec
21%
Dolnośląskie #2 Piechowice
21%
Dolnośląskie #1 Głuszyca
19%
Śląskie i małopolskie Sośnicowice
19%
Śląskie i małopolskie Żarki
19%
Śląskie i małopolskie Bukowno
18%
Śląskie i małopolskie Chełmek
18%
Pomorskie #2 Kobylnica
18%
Lubuskie #1 Otyń
18%
Dolnośląskie #4 Szczytna
18%
Lubelskie #3 Urzędów
18%
Śląskie i małopolskie Włodowice
18%
Opolskie #3 Zdzieszowice
18%
Wielkopolskie #3 Kaczory
16%
Śląskie i małopolskie Kalety
16%
Dolnośląskie #4 Polanica-Zdrój
16%
Opolskie #5 Praszka
16%
Dolnośląskie #4 Radków
16%
Małopolskie #3 Sucha Beskidzka
16%
Opolskie #5 Gorzów Śląski
15%
Świętokrzyskie #1 Suchedniów
15%
Wielkopolskie #3 Ujście
15%
Opolskie #2 Zawadzkie
15%
Opolskie #2 Kolonowskie
13%
Małopolskie #3 Maków Podhalański
13%
Opolskie #1 Ujazd
13%
Mazowieckie #2 Zakroczym
13%
Dolnośląskie #6 Piława Górna
12%
Śląskie i małopolskie Woźniki
12%
Mazowieckie #3 Cegłów
10%
Opolskie #3 Leśnica
10%
Mazowieckie #3 Mrozy
10%
Lubuskie #2 Szprotawa
10%
Opolskie #2 Dobrodzień
9%
Dolnośląskie #6 Niemcza
9%
Lubuskie #2 Małomice
7%
Nie znaleziono quizów pasujących do podanych kryteriów
Rozkład punktacji
Procent ludzi z każdym wynikiem
Percentyl według liczby udzielonych odpowiedzi
Twoja historia wyników
Nie rozwiązałeś tego quizu